000 00483nam a2200121Ia 4500
008 220620s9999||||xx |||||||||||||| ||und||
100 _aMargarita Stoytcheva||Roumen Zlatev
245 0 _aArsenic - Analytical and Toxicological Studies
546 _aEnglish[eng]
650 _aPhysical Sciences||Engineering and Technology||Chemistry||Bioinorganic Chemistry||Inorganic Chemistry
856 _uhttps://www.intechopen.com/books/arsenic-analytical-and-toxicological-studies
942 _cEB
999 _c25968
_d25968